1301 1373 1444 1956 1430 1573 1871 1592 1035 1436 1125 1136 1418 1215 1443 1119 1892 1174 1532 1006 1854 1735 1711 1850 1597 1051 1080 1610 1857 1831 1853 1043 1442 1080 1347 1937 1667 1926 1998 1123 1060 1317 1363 1640 1753 1520 1421 1349 1781 1838 1516 1330 1446 1560 1029 1038 1858 1231 1282 1440 1342 1639 1523 1626 1417 1432 1237 1116 1016 1126 1358 1136 1520 1436 1238 1836 1837 1343 1463 1663 1432 1813 1856 1352 1605 1918 1644 1179 1421 1966 1492 1240 1276 1688 1552 1619 1444 1653 1361 BCNSPRNW ULIB Ver.6.0+V

เปลี่ยนเป็นภาษาไทย

Change to English
 แสดงรายละเอียดบรรณานุกรม
  กลับหน้าหลัก

Brief Record : Get Marc (ISO 2709) : E-mail record : QR code < ปิดหน้าต่าง
LEADER : 00000nam 2200000uu 4500
001    13399129092
003     ULIB
008    250716s2567||||th 000 0 tha d
020    ^a9789740338789
050  4 ^aLB1028.3^bร374ก
100 0  ^aรัตนะ บัวสนธ์.
245 1  ^aการวิจัยและพัฒนานวัตกรรมการศึกษา /^cรัตนะ บัวสนธ์.
250    ^aพิมพ์ครั้งที่ 9.
260    ^aกรุงเทพฯ :^bสำนักพิมพ์จุฬาลงกรณ์มหาวิทยาลัย,^c2567.
300    ^a179, [2] หน้า :^bภาพประกอบ
505 0  ^aมโนทัศน์พื้นฐาน : การวิจัยและพัฒนานวัตกรรมการศึกษา -- การศึกษาข้อมูลพื้นฐาน -- การออกแบบ สร้าง และประเมินนวัตกรรมการศึกษา -- การทดลองใช้นวัตกรรมการศึกษา -- การประเมินและปรับปรุงนวัตกรรมการศึกษา -- เครื่องมือเก็บข้อมูลและการวิเคราะห์ข้อมูล -- อาณาบริเวณการวิจัยและพัฒนานวัตกรรมการศึกษา -- การเขียนโครงร่างและรายงานวิจัยและพัฒนานวัตกรรมการศึกษา -- การประเมินคุณภาพงานวิจัยและพัฒนานวัตกรรมการศึกษา
505 0  ^a^tมโนทัศน์พื้นฐาน : การวิจัยและพัฒนานวัตกรรมการศึกษา --^tการศึกษาข้อมูลพื้นฐาน --^tการออกแบบ สร้าง และประเมินนวัตกรรมการศึกษา --^tการทดลองใช้นวัตกรรมการศึกษา --^tการประเมินและปรับปรุงนวัตกรรมการศึกษา --^tเครื่องมือเก็บข้อมูลและการวิเคราะห์ข้อมูล --^tอาณาบริเวณการวิจัยและพัฒนานวัตกรรมการศึกษา --^tการเขียนโครงร่างและรายงานวิจัยและพัฒนานวัตกรรมการศึกษา --^tการประเมินคุณภาพงานวิจัยและพัฒนานวัตกรรมการศึกษา
505 2  ^aบทที่ 1. มโนทัศน์พื้นฐาน : การวิจัยและพัฒนานวัตกรรมการศึกษา -- บทที่ 2. การศึกษาข้อมูลพื้นฐาน -- บทที่ 3. การออกแบบ สร้าง และประเมินนวัตกรรมการศึกษา -- บทที่ 4. การทดสอบใช้นวัตกรรมการศึกษา -- บทที่ 5. การประเมินและปรับปรุงนวัตกรรมการศึกษา -- บทที่ 6. เครื่องมือเก็บข้อมูลและการวิเคราะห์ข้อมูล -- บทที่ 7. อาณาบริเวณการวิจัยและพัฒนานวัตกรรมการศึกษา -- บทที่ 8. การเขียนโครงร่างและรายงานวิจัยและพัฒนานวัตกรรมการศึกษา -- บทที่ 9. การประเมินคุณภาพงานวิจัยและพัฒนานวัตกรรมการศึกษา.
505 2  ^aมโนทัศน์พื้นบ้าน : การวิจัยและพัฒนานวัตกรรมการศึกษา -- การศึกษาข้อมูลพื้นฐาน -- การออกแบบ สร้าง และประเมินนวัตกรรมการศึกษา -- การทดลองใช้นวัตกรรมการศึกษา -- การประเมินและปรับปรุงนวัตกรรมการศึกษา -- เครื่องมือเก็บข้อมูลและการวิเคราะห์ข้อมูล -- อาณาบริเวณการวิจัยและพัฒนานวัตกรรมการศึกษา -- การเขียนโครงร่างและรายง่านวิจัยและพัฒนานวัตกรรมการศึกษา -- การประเมินคุณภาพงานวิจัยและพัฒนานวัตกรรมการศึกษา.
650  4 ^aนวัตกรรมการศึกษา.
650  4 ^aนวัตกรรมทางการศึกษา.
650  4 ^aนวัตกรรมทางการศึกษา^xวิจัย.
650  7 ^aการศึกษา^xวิจัย
650  7 ^aการศึกษา^xวิธีการทดลอง
650 0   ^aการวิจัย
655  4 ^aHumanities and Social Sciences Branch.
945    ^p200^l0^i011834
945    ^p200^l0^i011835
945    ^p200^l0^i011836
999    ^aประนอม เกษจรัล
รายการนี้ยังไม่มีแท็ก
คุณยังไม่ได้ล็อกอิน คุณสามารถมีกิจกรรมร่วมกับเว็บไซต์ได้ แต่ต้องล็อกอินก่อน ::
  ล็อกอิน

รายการสื่อสารสนเทศ

ลำดับที่ ประเภท เลขเรียก/บาร์โค้ด สถานที่ สถานะ
1. การศึกษาทั่วไป
หนังสือสำรอง
สถานะ=หนังสือสำรอง
LB1028.3 ร374ก ฉ.1 
  Barcode: 011834
ห้องสมุดวิทยาเขตสวรรค์ประชารักษ์
►หนังสือทั่วไป
บนชั้น
2. การศึกษาทั่วไป
การศึกษาทั่วไป
LB1028.3 ร374ก ฉ.2 
  Barcode: 011835
ห้องสมุดวิทยาเขตสวรรค์ประชารักษ์
►หนังสือทั่วไป
บนชั้น
3. การศึกษาทั่วไป
การศึกษาทั่วไป
LB1028.3 ร374ก ฉ.3 
  Barcode: 011836
ห้องสมุดวิทยาเขตสวรรค์ประชารักษ์
►หนังสือทั่วไป
บนชั้น

รายการใกล้เคียง
    ผู้แต่ง [รัตนะ บัวสนธ์.]

    หัวเรื่อง [นวัตกรรมการศึกษา.]
    หัวเรื่อง [นวัตกรรมทางการศึกษา.]
    หัวเรื่อง [การวิจัย]

BibComment


ยังไม่เคยถูกคอมเมนท์

คอมเมนท์ทรัพยากรรายการนี้
  คอมเมนท์: การวิจัยและพัฒนา..


 Copyright 2026. Bcnsprnw @Library